|
|
|
|
| LEADER |
01692nam a2200337 a 4500 |
| 001 |
15530852 |
| 008 |
120415s2009 enka b 001 0 eng |
| 999 |
|
|
|c 12079
|d 12079
|
| 010 |
|
|
|a 2008050361
|
| 015 |
|
|
|a GBA973943
|2 bnb
|
| 016 |
7 |
|
|a 015336538
|2 Uk
|
| 020 |
|
|
|a 9780195385861 (cloth : alk. paper)
|
| 020 |
|
|
|a 0195385861 (cloth : alk. paper)
|
| 040 |
|
|
|a DLC
|c DLC
|d BTCTA
|d YDXCP
|d UKM
|d C#P
|d DLC
|d BD-DhAAL
|
| 050 |
0 |
0 |
|a QA372
|b .B657 2009
|
| 082 |
0 |
0 |
|a 515.35
|2 23
|
| 100 |
1 |
|
|a Boelkins, Matthew R.
|9 39099
|
| 245 |
1 |
0 |
|a Differential equations with linear algebra /
|c Matthew R. Boelkins, J.L. Goldberg, and Merle C. Potter.
|
| 260 |
|
|
|a Oxford ;
|a New York :
|b Oxford University Press,
|c 2009.
|
| 300 |
|
|
|a xvii, 553 p. :
|b ill. ;
|c 25 cm.
|
| 504 |
|
|
|a Includes bibliographical references and index.
|
| 541 |
|
|
|e 00024989
|
| 650 |
|
0 |
|a Differential equations, Linear.
|9 39100
|
| 650 |
|
0 |
|a Algebras, Linear.
|9 39101
|
| 700 |
1 |
|
|a Goldberg, Jack L.
|q (Jack Leonard),
|d 1932-
|9 39102
|
| 700 |
1 |
|
|a Potter, Merle C.
|9 39103
|
| 852 |
1 |
|
|a Ayesha Abed Library
|c General shelf.
|
| 942 |
|
|
|2 ddc
|c BK
|
| 952 |
|
|
|0 0
|1 0
|2 ddc
|4 0
|6 515_350000000000000_BOE
|7 0
|9 20033
|a BRACUL
|b BRACUL
|c GEN
|d 2012-04-11
|e karim International
|g 7300.00
|l 9
|m 43
|o 515.35 BOE
|p 3010024989
|r 2024-11-24
|s 2024-11-18
|t 1
|w 2012-04-15
|y BK
|
| 952 |
|
|
|0 0
|1 0
|2 ddc
|4 0
|6 515_350000000000000_BOE
|7 0
|9 20034
|a BRACUL
|b BRACUL
|c GEN
|d 2012-04-11
|e karim International
|g 7300.00
|l 8
|m 62
|o 515.35 BOE
|p 3010024990
|r 2018-11-07
|s 2018-09-19
|t 2
|w 2012-04-15
|y BK
|
| 952 |
|
|
|0 0
|1 0
|2 ddc
|4 0
|6 515_350000000000000_BOE
|7 0
|9 20035
|a BRACUL
|b BRACUL
|c GEN
|d 2012-04-11
|e karim International
|g 7300.00
|l 11
|m 49
|o 515.35 BOE
|p 3010024991
|r 2024-10-06
|s 2024-07-09
|t 3
|w 2012-04-15
|y BK
|